[Event "Linares 12th"]
[Site "Linares"]
[Date "1994.??.??"]
[Round "8"]
[White "Beliavsky, Alexander G"]
[Black "Illescas Cordoba, Miguel"]
[Result "0-1"]
[WhiteElo "2650"]
[BlackElo "2590"]
[Annotator "Ftacnik,L"]
[PlyCount "60"]
[EventDate "1994.02.??"]
[EventType "tourn"]
[EventRounds "13"]
[EventCountry "ESP"]
[EventCategory "18"]
[SourceTitle "CBM 040"]
[Source "ChessBase"]
[SourceDate "1994.06.01"]
[SourceVersion "1"]
[SourceVersionDate "1994.06.01"]
[SourceQuality "1"]

1. d4 {Ernst Kharitonov} d5 2. c4 c6 3. Nf3 Nf6 4. Nc3 e6 5. Bg5 dxc4 6. e4 b5
7. e5 h6 8. Bh4 g5 9. Nxg5 hxg5 10. Bxg5 Nbd7 11. exf6 Bb7 12. g3 c5 13. d5 Ne5
14. Bg2 (14. f4 $6 {Kharitonov} Nd3+ 15. Bxd3 cxd3 16. Qxd3 c4 17. Qd4 b4 $17)
14... Nd3+ (14... Bh6 15. Qh5 b4 16. O-O bxc3 17. Rae1 Qd6 18. Bxh6 cxb2 19.
dxe6 Bxg2 20. Rxe5 O-O-O 21. Kxg2 Rxh6 22. Rxc5+ Kb8 23. Rb5+ Kc7 24. Qxf7+ {
1-0/Yermolinsky,A-Yuniyev,A/URS/1984/}) 15. Kf1 Qd7 (15... exd5 {Kharitonov}
16. Qe2+ Kd7 17. Nxd5 $16) 16. dxe6 (16. Qe2 $16 {Bagirov,V-Hansen,J/USSR/1975/
} O-O-O $1 {Ernst}) 16... fxe6 (16... Bxg2+ {Kharitonov} 17. Kxg2 Qxe6 18. Qf3
$16) 17. b3 (17. Bxb7 Qxb7 18. f3 (18. Kg1 $2 Qxh1+ $1 19. Kxh1 Nxf2+) 18...
O-O-O) (17. Qe2 {Kharitonov} O-O-O 18. Bxb7+ Kxb7 19. Qe4+ Qc6 20. h4 Bd6 21.
f4 b4 $1 22. Qxc6+ Kxc6 $13 {Hansen,L-Bagirov,V/Moscow/1975/}) 17... O-O-O (
17... Qd4 18. Qd2 Bxg2+ 19. Kxg2 b4 20. Nb5 Qd5+ 21. f3 $16) 18. bxc4 (18. f7
Bxg2+ 19. Kxg2 Qxf7 {xf2}) (18. Bxb7+ $2 {Kharitonov} Qxb7 $17) 18... Bh6 $1 (
18... bxc4 19. Rb1 Bxg2+ 20. Kxg2 Bh6 21. Qf3 $140 Bxg5 $5 22. Qa8+ Kc7 23.
Qxa7+ (23. Rb7+ Kc6 $1) 23... Kd6 24. Ne4+ Ke5 25. Qxd7 Rxd7 26. Nxg5 Kxf6 27.
h4 Ra8 $14) (18... Qd4 19. Bxb7+ Kxb7 20. Qc2 Qxc4 21. Qb3 Qxb3 22. axb3 $13) (
18... b4 19. Nd5 Nb2 20. Ne7+ Bxe7 21. Qxd7+ Rxd7 22. fxe7 $16) 19. Bh4 (19.
Bxh6 Rxh6 20. Nxb5 (20. Ne4 Qd4 $19) (20. cxb5 {Ernst} Rxf6 $17) 20... Bxg2+ (
20... Rxf6 $1 21. Nxa7+ (21. f3 a6 22. Nc3 Qd4 $19) (21. f4 {Kharitonov} Bxg2+
22. Kxg2 Nxf4+ 23. gxf4 Qg7+ $19) 21... Kb8 22. Bxb7 Rxf2+ 23. Kg1 Qxb7 $19)
21. Kxg2 Qb7+ (21... Nf4+ 22. gxf4 Rg6+ 23. Kf3 Qb7+ 24. Ke3 $16) 22. f3 (22.
Qf3 Nf4+ 23. gxf4 Rg6+ $19) 22... a6 $19) (19. f4 Bxg5 20. fxg5 Bxg2+ 21. Kxg2
Qc6+ 22. Qf3 Nf4+ 23. gxf4 Rd2+ 24. Kg3 Rh3+ $19) (19. Nxb5 Bxg2+ $1 (19...
Bxg5 20. Nxa7+ Kb8 21. Rb1 $1 Nb4 22. Qxd7 Rxd7 23. a3 $1 Bxg2+ 24. Kxg2 $16)
20. Kxg2 Qb7+ 21. Qf3 Bxg5 22. Qxb7+ Kxb7 $17) (19. Qd2 {Kharitonov} Bxg5 20.
Qxg5 Qd4 21. Bxb7+ Kxb7 22. Qd2 b4 23. Rb1 Qxc4 $17) 19... b4 (19... Qd4 20.
Bxb7+ Kxb7 21. Qc2 (21. Qf3+ Kb8 22. Rb1 b4 23. Ne4 Qxc4 $13) 21... Qxc4 22.
Qb3) (19... Bxg2+ 20. Kxg2 Qb7+ 21. Qf3 Nf4+ 22. gxf4 Rhg8+ 23. Bg3 $18) 20.
Nd5 $1 (20. Ne4 $2 Qd4 $19) (20. Ne2 {Kharitonov} Bxg2+ 21. Kxg2 Qc6+ 22. f3
Ne5 $5 (22... Nf4+ $19) 23. Qf1 Rd2 $19) 20... exd5 (20... Nb2 21. Ne7+ $1 (21.
Qe2 exd5 22. Qxb2 dxc4 $17) 21... Qxe7 22. fxe7 Rxd1+ 23. Rxd1 Nxd1 24. Bf6 $1
Rg8 25. Bxb7+ Kxb7 26. g4 $16) 21. Qxd3 dxc4 (21... Ba6 22. Kg1 Bxc4 23. Qf3
$13) 22. Bxb7+ (22. Qxd7+ Rxd7 23. Bxb7+ Kxb7 $17) (22. Qxc4 Bxg2+ (22... Qd1+
23. Rxd1 Rxd1+ 24. Ke2 Rd2+ 25. Kf1 Rd1+ $10) 23. Kxg2 Qc6+ 24. Kg1 (24. Kh3 {
Kharitonov} Rd4 $17) 24... Rd4 25. Qf7 Rhd8 26. Rf1 Rd1 $19) 22... Qxb7 23.
Qf5+ Kb8 24. Rg1 (24. f3 $5 {Kharitonov} Rd2 25. f7 Rc8) 24... Bd2 $5 (24...
Rd5 25. Qf3 $1) 25. f7 (25. Qxc5 c3 (25... b3 $6 26. Qxc4 b2 27. Rb1 Rc8 28.
Qd4 Rc1+ 29. Ke2 Rxg1 30. Rxb2 $18) (25... Qe4 {Kharitonov} 26. f7 Rc8 27. Qb5+
Ka8) 26. Rb1 Rxh4 27. gxh4 (27. f7 c2 28. Qxc2 Rhd4 $19) 27... Qa6+ 28. Kg2
Rg8+ 29. Kf3 Qd3+ 30. Qe3 Bxe3 $19) 25... Rc8 (25... Rdf8 26. Qxc5 Bc3 27. Rd1
Qxf7 28. Qd6+ Ka8 29. Qd5+ Qxd5 30. Rxd5 $14) 26. Qe5+ $6 (26. Qe6 c3 27. Be7
$13) 26... Ka8 27. Be7 $2 (27. Qe6 $1 c3 28. Be7 c2 (28... Qf3 $5) 29. f8=Q
Rhxf8 30. Bxf8 Rxf8 31. Qd6 Qb5+ 32. Kg2 Qb7+ 33. Kf1 $10) (27. Rd1 {Kharitonov
} c3 28. Qf5 Rhf8 $19) 27... Bc3 $1 $19 28. Qd6 Bxa1 29. f8=Q Rhxf8 30. Bxf8 b3
0-1

[Event "Hoogovens"]
[Site "Wijk aan Zee"]
[Date "1994.01.??"]
[Round "3"]
[White "Van Wely, Loek"]
[Black "Piket, Jeroen"]
[Result "0-1"]
[WhiteElo "2570"]
[BlackElo "2605"]
[Annotator "Ftacnik,L"]
[PlyCount "64"]
[EventDate "1994.01.21"]
[EventType "tourn"]
[EventRounds "9"]
[EventCountry "NED"]
[EventCategory "14"]
[SourceTitle "CBM 040"]
[Source "ChessBase"]
[SourceDate "1994.06.01"]
[SourceVersion "1"]
[SourceVersionDate "1994.06.01"]
[SourceQuality "1"]

1. d4 d5 2. c4 c6 3. Nf3 Nf6 4. Nc3 e6 5. Bg5 dxc4 6. e4 b5 7. e5 h6 8. Bh4 g5
9. Nxg5 hxg5 10. Bxg5 Nbd7 11. g3 Bb7 12. Bg2 Qb6 13. exf6 O-O-O 14. O-O c5 15.
d5 b4 16. Na4 Qb5 17. a3 exd5 (17... Nb8 18. axb4 cxb4 19. Qd4 Nc6 20. dxc6
Rxd4 21. cxb7+ Kc7 22. Be3 $36) 18. axb4 cxb4 19. Re1 d4 20. Qxd4 (20. Bxb7+
Kxb7 21. Qf3+ Qc6 22. Qxc6+ Kxc6 $15) 20... Bxg2 21. Kxg2 (21. Rec1 Bd5 22.
Qxa7 Bh6 $17) 21... Qxg5 22. Qxc4+ Kb8 23. Red1 $5 (23. Rad1 Qf5 (23... Qa5 24.
Rd5 Qc7 (24... Qxa4 25. b3 $18) 25. Qd3 {Dolmatov,S-Rivas,P/Moscow/1982/} Qc6
$5) (23... Qxf6 $2 24. Qb5+ $18) 24. h4 (24. Rd5 Rxh2+ 25. Kxh2 Qxf2+ 26. Kh3
Qxe1 27. Qb5+ Kc7 28. Qa5+ Kc8 29. Qa6+ Kc7 30. Qa5+ $10) 24... Rc8 $1) (23.
Rac1 $6 Bd6 24. Qc6 Nxf6 $4 (24... Qxf6 25. Rc2 Qd4 26. Re4 Qd1 27. Re1 $10)
25. Nb6 $1 {1-0/Anikaev-Westerinen,H/Moscow/1982/}) 23... Rc8 (23... Qf5 24.
Rd5 Qh3+ (24... Qxf6 25. Qb5+ Nb6 26. Nxb6 axb6 27. Rxd8+ Qxd8 28. Qc6 $18) 25.
Kf3) 24. Qa6 $2 (24. Qxf7 $1 Ne5 (24... Nxf6 25. Nb6 Rh7 26. Nd7+ $1) 25. Qd5 (
25. Qe6 Qh5 26. h3 Qf3+ 27. Kg1 Qe4 $19) 25... Qxf6 26. Qb5+ (26. Nb6 Rxh2+ 27.
Kxh2 Ng4+ 28. Kh3 Nxf2+ 29. Kg2 Qxb6 $13) 26... Kc7 27. Qa5+ (27. Rac1+ Nc6)
27... Kb8 28. Qb5+ $10) 24... Qf5 $1 25. Nb6 (25. h4 Rc2 $19) 25... Rxh2+ $1
26. Kxh2 Qxf2+ 27. Kh3 (27. Kh1 Qf3+ 28. Kh2 (28. Kg1 Bc5+ 29. Kh2 Rh8#) 28...
Rc2+) 27... Qf5+ 28. g4 (28. Kh4 Qxf6+ 29. Kg4 Ne5+ 30. Kh3 Qf5+ 31. Kg2 Rc2+)
28... Qf3+ 29. Kh4 (29. Kh2 Rc2+) 29... Qf2+ $1 (29... Qxf6+ 30. g5 Qf4+ 31.
Kh3) 30. Kh3 (30. Kh5 Nxf6+ 31. Kg5 Ne4+ 32. Kh5 Qh2#) 30... Qe3+ 31. Kh4 Qh6+
32. Kg3 Bd6+ (32... Bd6+ 33. Rxd6 (33. Kf3 Qf4+ 34. Ke2 Re8+ 35. Kd3 Qe4+ 36.
Kd2 Bf4#) 33... Qe3+ 34. Kg2 Rc2+) 0-1

[Event "CRO-ch"]
[Site "Slavonski Brod"]
[Date "1995.??.??"]
[Round "?"]
[White "Hulak, Krunoslav"]
[Black "Sulava, Nenad"]
[Result "1-0"]
[WhiteElo "2545"]
[BlackElo "2420"]
[Annotator "Ftacnik,L"]
[PlyCount "64"]
[EventDate "1995.02.??"]
[EventType "tourn"]
[EventRounds "13"]
[EventCountry "CRO"]
[EventCategory "10"]
[SourceTitle "CBM 048"]
[Source "ChessBase"]
[SourceDate "1995.10.01"]
[SourceVersion "1"]
[SourceVersionDate "1995.10.01"]
[SourceQuality "1"]

1. d4 d5 2. Nf3 Nf6 3. c4 c6 4. Nc3 e6 5. Bg5 dxc4 6. e4 b5 7. a4 Bb7 8. axb5
cxb5 9. Nxb5 Qb6 10. Qa4 (10. Bxf6 Qxb5) (10. Bxc4 Bb4+ 11. Nc3 Nxe4) 10... Nc6
(10... Nxe4 $4 11. Nc7#) (10... Bc6) 11. Nc3 (11. Bxf6 $5 gxf6 (11... a6 $5 12.
Bxg7 $1 Bxg7 13. Nd6+ $14) 12. Bxc4 a6 (12... Bb4+ 13. Nc3 $14) 13. Nc3 Qxb2
14. O-O $1 Qxc3 15. d5 $2 (15. Rfb1 $1 Bb4 16. Bf1 $1 {/\ 17.Rb3 Qc2 18.Bd3+/-}
) 15... Qb4 16. dxc6 Bc8 $8 (16... Qxa4 $4 17. cxb7 $1 Qc6 18. Bb5 $3 $18) 17.
Qa2 $5 Bh6 $1 18. Qe2 a5 (18... O-O 19. e5 f5 20. Bxa6) 19. Rfb1 $5 Qc3 $6 20.
Ra4 $1 O-O 21. h3 $2 (21. Qa2 {/\ Ra3} Ba6 $8 22. Bxa6 Rxa6 23. Rc4 Qd3 24. Rd4
$140 Qc3 25. Rc4 $10) (21. e5 $1 fxe5 22. Bd3 $5 $16) 21... Bf4 $1 {Cramling,
P-Galliamova Ivanchuk,A/Tilburg (ct)/1994/1-0 (39)}) (11. d5 $2 Bb4+ $5 12. Bd2
$13) (11. Bxc4 $5) 11... Qxb2 12. Bd2 Qb3 (12... Bb4 $2 13. Rb1 Bxc3 14. Rxb2
Bxb2 15. Qb5 $18) 13. Bxc4 Qxa4 14. Rxa4 O-O-O (14... Be7 15. O-O O-O 16. Rb1
$14) 15. O-O Nd7 (15... Nxd4 $2 16. Nxd4 Rxd4 17. Bxe6+ fxe6 18. Rxd4 $18) (
15... Bb4 16. e5 Nd7 17. Nb5 $40) 16. d5 {Even without queens the opposite
castling can offer lot of excitement.} exd5 17. exd5 Nce5 (17... Nb6 $2 18.
dxc6 Nxa4 19. cxb7+ Kxb7 20. Nxa4 $18) 18. Nxe5 Nxe5 19. Bf4 f6 (19... Bd6 20.
Nb5 Nf3+ 21. gxf3 Bxf4 22. Nxa7+ Kc7 23. Rd1 $16) 20. Rb1 Bc5 21. Nb5 a5 (21...
Bxd5 $2 22. Bxe5 fxe5 23. Bxd5 Rxd5 24. Rc4 $16) 22. Rxa5 Nxc4 23. Na7+ Bxa7
24. Rxa7 g5 (24... Bxd5 $4 25. Rb8#) 25. Bg3 Rxd5 (25... Rd7 $2 26. Ra8+ Bxa8
27. Rb8#) 26. Raxb7 Rd1+ $8 27. Rxd1 Kxb7 {[%csl Yf6,Yg5,Yh7] Black have
survived the tempest, but his P are weak.} 28. Rd7+ Kc6 (28... Ka8 29. h4 $16)
29. Rf7 Kd5 30. Rxf6 h6 (30... Re8 31. h3 $16) 31. h3 h5 $2 32. Rf5+ Ke4 (32...
Ke4 33. Rxg5 $18) 1-0

[Event "Porz Citroen-Cup"]
[Site "Cologne"]
[Date "1990.??.??"]
[Round "7"]
[White "Uhlmann, Wolfgang"]
[Black "Schoen, Wolfram"]
[Result "1/2-1/2"]
[WhiteElo "2505"]
[BlackElo "2380"]
[Annotator "Ftacnik,L"]
[PlyCount "130"]
[EventDate "1990.12.??"]
[EventType "tourn"]
[EventRounds "9"]
[EventCountry "GER"]
[EventCategory "7"]
[SourceTitle "CBM 021"]
[Source "ChessBase"]
[SourceDate "1991.04.01"]
[SourceVersion "1"]
[SourceVersionDate "1991.04.01"]
[SourceQuality "1"]

1. c4 Nf6 2. Nc3 e6 3. Nf3 d5 4. d4 c6 5. Bg5 dxc4 6. e4 b5 7. e5 h6 8. Bh4 g5
9. Nxg5 hxg5 10. Bxg5 Nbd7 11. g3 Bb7 12. Bg2 Qb6 13. exf6 O-O-O 14. O-O c5 15.
d5 b4 16. Rb1 $5 Qa6 17. dxe6 Bxg2 18. e7 Ba8 19. Nd5 $5 (19. exd8=Q+ Kxd8 20.
Ne2 Kc8 $44 {Jermolinsky-Shabalov/USSR/1986/}) 19... Qe6 $5 (19... Qb7 $5 20.
exf8=Q Rhxf8 21. Ne7+ Kc7 22. Bf4+ Ne5 23. Bxe5+ Kb6 24. f3 Rxd1 25. Rbxd1 Re8
{/\ Rxe7}) 20. exf8=Q (20. exd8=Q+ Kxd8 21. Nf4 Qf5 22. Qd2 Kc8 23. Rbd1 Bc6
24. h4 Ne5 25. Qd8+ Kb7 26. f3 Bxf3 27. Nd5 Qh3 28. Qc7+ Ka6 29. Rxf3 Nxf3+ 30.
Kf2 Nxg5 $10) 20... Rdxf8 (20... Qh3 $2 21. Ne7+ Kc7 22. Bf4+ Kb7 23. Qxh8 Rxh8
24. g4 $18) 21. Ne7+ Kd8 22. f3 Rh5 (22... Qe5 23. Qd2 Rh5 24. Rbd1) 23. Qd2
Rfh8 24. h4 (24. Rf2 Bxf3 $1 25. Rxf3 Rxh2 26. Qxh2 Rxh2 27. Kxh2 Qe2+ $19)
24... Qe5 25. Kg2 (25. f4 $2 Qe4 26. Kh2 Rxg5 27. fxg5 Rxh4+ $1 $19) 25... c3
26. bxc3 bxc3 27. Qf4 Qxf4 28. Bxf4 c2 29. Rbc1 $6 (29. Rbe1 Nxf6 30. Bg5 Rxg5
31. hxg5 Ng4 32. Nf5 Rh2+ 33. Kg1 Rd2 34. Nh4 Nh2 35. Rf2 Rd1 36. Rxc2 Rxe1+
37. Kxh2 $16) (29. Rb2 $5 Nxf6 30. Re1 Re8 31. Rb8+ Kd7 32. Rxe8 Nxe8 {>< Ne7})
29... Nxf6 30. Rfe1 Re8 31. Bg5 Rxg5 32. hxg5 Ng4 33. Rxc2 (33. Nf5 Rxe1 34.
Rxe1 Ne5 35. Rc1 Nd3 36. Rxc2 Ne1+ $19) 33... Rxe7 34. Rxe7 Kxe7 35. Rxc5 Kd6
36. Rc3 (36. Ra5 Ne5 37. Rxa7 Bxf3+ 38. Kf2 Bd5 $13) 36... Ne5 37. Kf2 Bd5 (
37... Bxf3 $2 38. Rxf3 Nxf3 39. Kxf3 Ke5 40. g4 $18) 38. Ra3 Nc6 39. Ke3 a5 40.
f4 Kc5 41. Rc3+ Bc4 42. Ke4 Kb4 43. Rc2 Ne7 44. f5 a4 (44... Nd5 $2 45. Kd4 Nb6
46. Rb2+ $18) 45. g4 a3 46. Ke5 Nc6+ 47. Kd6 Na5 48. Ke7 (48. f6 Bd3 49. Rh2
Bg6 50. Rh6) (48. Rxc4+ Nxc4+ 49. Ke7 Ne5 50. Kf6 Nxg4+ 51. Kxf7 Kc3 52. g6
Nh6+ $10) 48... Bd5 49. Rd2 (49. f6 Nc4 50. g6 fxg6 51. g5 (51. f7 Bxf7 52.
Kxf7 Ne5+ 53. Kf6 Nxg4+ 54. Kxg6 Ne3 $10) 51... Ne3 52. Rf2 Nf5+ 53. Rxf5 gxf5
54. g6 Bxa2 55. f7 Bxf7 56. gxf7 a2 $10) 49... Bc4 50. Rc2 Bd5 51. Kd6 Bc4 52.
Ke5 Nc6+ 53. Kf6 Bd5 54. Rd2 (54. g6 fxg6 55. fxg6 Nd4 56. Rf2 Kc3 57. g7 Nc2
58. Ke7 Bxa2 59. Kf8 Bd5 60. Rf7 Bxf7 61. Kxf7 a2 $10) 54... Bc4 55. g6 fxg6
56. fxg6 (56. Kxg6 Ne5+ 57. Kh5 Bf7+ $1) 56... Kc3 57. Rd6 Nd4 $1 (57... Nb4 $2
58. Re6 Bxa2 59. g7 Bxe6 60. Kxe6 a2 61. g8=Q a1=Q 62. Qh8+ $18) 58. Ke5 (58.
Rd7 Bxa2 59. g7 Bb3 60. Rf7 a2 61. g8=Q a1=Q $10) 58... Bxa2 59. Rxd4 Bb3 60.
Rf4 a2 61. Rf1 Kb2 62. g7 a1=Q 63. Rxa1 Kxa1 64. Kf6 Kb2 65. Ke7 Kc3 {Ftacnik,L
} 1/2-1/2

[Event "Helsinki op"]
[Site "Helsinki"]
[Date "1992.??.??"]
[Round "9"]
[White "Rublevsky, Sergei"]
[Black "Savchenko, Stanislav"]
[Result "0-1"]
[WhiteElo "2535"]
[BlackElo "2505"]
[Annotator "Ftacnik,L"]
[PlyCount "86"]
[EventDate "1992.09.??"]
[EventType "swiss"]
[EventRounds "9"]
[EventCountry "FIN"]
[SourceTitle "CBM 032"]
[Source "ChessBase"]
[SourceDate "1993.02.01"]
[SourceVersion "1"]
[SourceVersionDate "1993.02.01"]
[SourceQuality "1"]

1. d4 d5 2. c4 c6 3. Nc3 Nf6 4. Nf3 e6 5. Bg5 dxc4 6. e4 b5 7. e5 h6 8. Bh4 g5
9. Nxg5 hxg5 10. Bxg5 Nbd7 11. g3 Bb7 12. Bg2 Qb6 13. exf6 O-O-O 14. O-O c5 15.
d5 b4 16. Na4 Qb5 17. dxe6 Bxg2 18. Kxg2 Qc6+ 19. f3 Qxe6 20. Qc2 Ne5 21. Rae1
Rd4 $1 $146 (21... Qh3+ 22. Kg1 Nd3 23. Re2 Bd6 24. Qxc4 Bxg3 25. Qg4+ Qxg4 26.
fxg4 Bc7 27. Rf3 Ne5 28. Rf5 Rd1+ 29. Kg2 Nd3 30. h4 Ne1+ 31. Kh3 $14 {
Beliavsky,A-Piket,Je/Amsterdam/1989/}) (21... Rd3 22. h4 Bd6 23. b3 Qd5 24.
bxc4 Nxc4 25. Rd1 Ne5 26. Rxd3 Qxd3 27. Qxd3 Nxd3 28. Rd1 c4 29. Nb2 $10 {
Nikolic,Pr-Tal,M/Niksic/1983/}) 22. h4 (22. Re3 Qh3+ 23. Kg1 Bd6 $13) 22... Bd6
23. Be3 $2 (23. Re4 Qd5 24. Be3 (24. Qe2 $2 Nxf3 $3 $19 {Bareev,A-Oll,L/Moscow
Tal/1992/}) 24... Rd3 25. Re1 Kb7 $17) (23. b3 $2 c3) (23. Bf4 $2 Rxf4 (23...
Qxf6 24. Nxc5 Rxf4 25. gxf4 Qxh4 26. Qf5+ Kc7 27. Rf2 Bxc5 28. Qxe5+ Kb6 $19)
24. gxf4 Rxh4 25. Rh1 Rxf4 $17) (23. Rd1 Qd5) (23. Re3 $5 $13) 23... Rdxh4 $1 (
23... Nd3 $5 24. Re2 (24. Bxd4 Qxe1 25. Bf2 Qe5 26. Qxc4 (26. f4 Qd5+ 27. Kh2
Qf3 28. Qd1 Rxh4+ 29. gxh4 Bxf4+ 30. Kg1 Qh3 $19) 26... Nxf2 27. Qa6+ Kd8 28.
Qa5+ Ke8 29. Qb5+ Kf8 30. Rxf2 Qxg3+ 31. Kf1 Rxh4 $17) 24... Bxg3 $3 25. Bxd4 (
25. Kxg3 Rdxh4) 25... Nf4+ 26. Kxg3 Qh3+ 27. Kf2 (27. Kxf4 Qxh4+ 28. Ke5 Qxd4+
29. Kf5 Rh5#) 27... Qxh4+ $1 28. Kg1 Qg3+ 29. Rg2 Nh3+ 30. Kh1 Nf2+ 31. Kg1
Rh1#) 24. gxh4 (24. Rh1 Rh2+ 25. Rxh2 Rxh2+ 26. Kxh2 Nxf3+ $19) 24... Rxh4 25.
Kg1 (25. Rh1 Nxf3 $1 26. Kxf3 (26. Rxh4 Nxe1+ $19) 26... Qg4+ 27. Kf2 Bg3+ 28.
Kg1 Bf4+ 29. Kf2 (29. Qg2 Rxh1+ 30. Kxh1 Qh4+ 31. Kg1 Qxe1+ $19) 29... Qg3+ 30.
Ke2 Qxe3+ 31. Kd1 Rxh1 32. Rxh1 Qf3+ $19) 25... Nd3 $1 26. Qg2 (26. Re2 Qh3 $19
) (26. Bf2 Rh1+ 27. Kxh1 Qh3+ 28. Kg1 Qh2#) 26... Bh2+ 27. Qxh2 Rxh2 28. Kxh2
Nxe1 29. Rxe1 Qxf6 $17 30. Kg2 Qg6+ 31. Kf1 Qd3+ 32. Kg1 Qc2 33. Nxc5 Qxb2 34.
Bf4 (34. Bf2 $5 a5 $17) 34... Qd4+ 35. Be3 Qd5 36. Kf2 c3 37. Re2 a5 38. Rc2 f5
39. Nb3 $2 a4 40. Nc1 f4 41. Bxf4 Qf5 42. Rxc3+ bxc3 43. Be3 Kb7 0-1

[Event "Bermuda-A"]
[Site "Bermuda"]
[Date "1995.??.??"]
[Round "8"]
[White "Lesiege, Alexandre"]
[Black "Polgar, Sofia"]
[Result "1-0"]
[WhiteElo "2460"]
[BlackElo "2500"]
[Annotator "Ftacnik,L"]
[PlyCount "49"]
[EventDate "1995.01.??"]
[EventType "tourn"]
[EventRounds "9"]
[EventCountry "BER"]
[EventCategory "10"]
[SourceTitle "CBM 046"]
[Source "ChessBase"]
[SourceDate "1995.06.01"]
[SourceVersion "1"]
[SourceVersionDate "1995.06.01"]
[SourceQuality "1"]

1. d4 d5 2. c4 c6 3. Nf3 Nf6 4. Nc3 e6 5. Bg5 dxc4 6. e4 b5 7. e5 h6 8. Bh4 g5
9. exf6 gxh4 10. Ne5 Qxf6 11. a4 Bb7 12. Be2 c5 13. Nxb5 Na6 (13... cxd4 14.
Nc7+ Kd8 15. Qxd4+ Kxc7 16. Qxc4+ Nc6 17. Nxc6 Bxc6 18. Rc1 e5 19. O-O (19. b4
a5 20. b5 Bb4+ 21. Kf1 Rac8 22. Bf3 Rhd8 23. Qxc6+ Qxc6 24. Rxc6+ {Piket,J-Van
der Wiel,J (4)/Leiden m/1986/0.5 (28)}) 19... Rg8 20. Qd5 Rd8 21. Rxc6+ Qxc6
22. Qxf7+ Rd7 23. Qxg8 Rg7 24. Qc4 {Gaprindashvili,N-Lukacs,P/Albena/1985/0.5 
(24)}) 14. O-O (14. Bh5 cxd4 $3 15. Bxf7+ Ke7 16. Qxd4 (16. f4 Rd8 17. O-O Qg7
18. Rf2 Nc5 19. Nxd4 Rd6 20. Bxe6 Rxd4 21. Qxd4 Nxe6 22. Qxa7 Kf6 23. f5 Nc5
24. Ng6 {Zierke,O-Lorenz,S/Naestved op/1988/0.5 (25)}) 16... Rd8 17. Qe3 Rd5
18. f4 Kd8 $1 19. Rd1 $2 Bc5 20. Rxd5+ Bxd5 21. Qd2 Kc8 $6 $17 {Van Gaalen,
B-Okkes,M/Nederland-ch/1986/0.5 (52)}) (14. Bf3 Bxf3 15. Qxf3 Qxf3 16. gxf3
cxd4 17. Nxc4 Bc5 18. Rd1 O-O-O 19. Ne5 Rd5 20. Nd3 Rhd8 21. Rg1 Nb4 22. Nxa7+
Kb7 23. Nb5 Bf8 24. Rg4 {Meulders,R-Van der Wiel,J/Brussels/1987/0.5 (57)})
14... Rd8 {In this game will this rather messy line become crystal clear.
White has to solve the problem of his vulnerable center.} (14... Rg8 15. Bf3
Bxf3 16. Nxf3 cxd4 $6 17. Rc1 Rc8 18. Nfxd4 Rc5 19. f4 $1 $16 {Seirawan,
Y-Pinter,J/Zagreb izt/1987/1-0 (60)}) 15. f4 $1 cxd4 16. Bf3 Bxf3 (16... Nc5
17. Bxb7 Nxb7 18. Qf3 Na5 19. Nc7+ Ke7 20. Qa3+ $18) 17. Qxf3 Rd5 {The key is
the a8-h1 diagonal. Black can not afford to let white penetrate to c6.} 18.
Rae1 $1 (18. Nxc4 Bc5) 18... Bb4 $2 {Probably decisive, Black had to sence the
level of danger in white's set up.} (18... Bc5 $5 19. Ng4 (19. Ng6 $142 $5 {
Fritz3} d3+ 20. Kh1 d2 21. Qxd5 dxe1=Q 22. Rxe1 $16 {With winning attack.})
19... d3+ 20. Kh1 Qf5 21. Nf6+ Kf8 22. Nxd5 Qxd5 $13) (18... Be7 19. Nc6 $1 $40
) 19. Ng4 Qe7 (19... Qf5 20. Re5 Rxe5 21. Qa8+ Ke7 22. Qxa7+ Kf8 23. Nxe5 $18)
20. Re5 Kf8 (20... Rxe5 21. fxe5 Kf8 22. Qc6 $16) 21. f5 $1 {Opening the
position when black's forces are in disarray.} (21. Rxd5 exd5 22. Qxd5 d3 23.
Qxc4 Qc5+ $1) 21... Rxe5 22. Nxe5 d3 (22... exf5 23. Qxf5 $40) 23. Kh1 d2 24.
fxe6 Kg7 (24... Qxe6 25. Nd4 Qe8 26. Nxf7 $18) 25. Nd4 (25. Nd4 fxe6 26. Qg4+
Qg5 27. Nxe6+ $18) 1-0

[Event "Reykjavik zt"]
[Site "Reykjavik"]
[Date "1995.??.??"]
[Round "3"]
[White "Agdestein, Simen"]
[Black "Hector, Jonny"]
[Result "0-1"]
[WhiteElo "2600"]
[BlackElo "2540"]
[Annotator "Ftacnik,L"]
[PlyCount "74"]
[EventDate "1995.03.??"]
[EventType "swiss"]
[EventRounds "11"]
[EventCountry "ISL"]
[SourceTitle "CBM 047"]
[Source "ChessBase"]
[SourceDate "1995.08.01"]
[SourceVersion "1"]
[SourceVersionDate "1995.08.01"]
[SourceQuality "1"]

1. d4 d5 2. c4 c6 3. Nc3 Nf6 4. Nf3 e6 5. Bg5 dxc4 6. e4 b5 7. e5 h6 8. Bh4 g5
9. Nxg5 hxg5 10. Bxg5 Nbd7 11. exf6 Qa5 12. Be2 Bb7 13. O-O O-O-O 14. Qc1 (14.
Bf4 Nxf6 15. Be5 Be7 16. Bf3 Rhg8 17. Qe2 Nd5 18. Rfc1 Nxc3 19. bxc3 Qa3 20.
Rc2 Bd6 21. Bf6 Be7 22. Be5 Bd6 23. Bf6 Rdf8 24. Be4 {Hammond,A-Summerscale,A/
GBR-ch Eastbourne (04)/1991/1-0 (37)}) (14. Qc2 c5 15. dxc5 Bxc5 16. h4 Rdg8
17. Ne4 Qc7 18. Rfd1 Bxe4 19. Qxe4 Rxg5 20. Rxd7 Kxd7 21. Rd1+ Rd5 22. Rxd5+
exd5 23. Qxd5+ Bd6 24. Qxb5+ {Levitt,J-Kaidanov,G/Hastings Masters/1990/0-1 
(38)}) (14. Bf3 Ne5 15. dxe5 Rxd1 16. Rfxd1 b4 17. Ne4 Qxe5 18. h4 c5 19. Nd2
Bxf3 20. Nxf3 Qxb2 21. Rac1 c3 22. Ne5 c2 23. Rd8+ Kxd8 24. Nxf7+ {Burgess,
G-Murshed,N/BCF-ch/1988/0-1 (29)}) 14... Bd6 $5 (14... c5 15. dxc5 Bxc5 16. Qf4
Ne5 17. Rfd1 Ng6 18. Qg4 Ne5 19. Qg3 b4 20. Rxd8+ Rxd8 21. Nd1 Nd3 22. Ne3 c3
23. bxc3 b3 24. Bf3 {Karolyi jr,T-Kaidanov,G/Budapest Perenyi/1989/1-0 (31)})
15. h4 c5 16. dxc5 Bb8 17. Rd1 $2 (17. Qe3 Qc7 18. f4) 17... Qc7 18. Bf3 (18.
g3 $2 Qc6) (18. f4 Qxc5+ 19. Kf1 (19. Kh1 Rxh4+ $1 20. Bxh4 Rh8 $19) 19... a6 {
/\ Ba7}) 18... Bxf3 19. gxf3 Qh2+ 20. Kf1 Ne5 $1 (20... Nxc5 21. Qe3) 21. Qe3 (
21. Qf4 Qh3+ 22. Ke2 Rd3 $1) 21... Rd3 22. Qe4 (22. Rxd3 cxd3 $19) 22... Rxf3
23. Rd2 (23. Qd4 Nd3 24. Be3 Rd8 $19) 23... Qh1+ 24. Ke2 Qxa1 25. Nxb5 Rd3 26.
b4 (26. Nxa7+ Bxa7 27. Qxe5 Rxd2+ 28. Bxd2 Qxa2 $19) (26. Qa8 Rxd2+ 27. Bxd2
Qxb2 28. Nxa7+ Kc7 $19) 26... Rxd2+ 27. Bxd2 Qg1 (27... Qxa2 28. Nd6+ Bxd6 29.
cxd6 c3 30. Qa8+ Kd7 31. Qb7+ Kxd6 32. Qe7+ Kc6 33. Qc5+ Kb7 $19) 28. Bf4 Qg4+
29. Ke3 Qf5 30. Bxe5 Qxe5 31. Nxa7+ Kd7 32. c6+ Kd6 33. Qxe5+ (33. Nb5+ $2 Qxb5
$19) 33... Kxe5 34. Nb5 Rc8 35. f4+ Kd5 36. Nc3+ Kxc6 37. a4 Rd8 0-1